LEADER 00819nam0 2200253 450 001 000007017 005 20060404090106.0 010 $a88-348-4641-9 100 $a20060404d2005----km-y0itay50------ba 101 0 $aita 102 $aIT 105 $ay-------001yy 200 1 $aProblemi attuali della giustizia penale internazionale$fa cura di Antonio Cassese, Mario Chiavario e Giovannangelo De Francesco 210 $aTorino$cGiappichelli$d2005 215 $aX, 562 p.$d24 cm 676 $a341.77$v20 702 1$aChiavario,$bMario 702 1$aCassese,$bAntonio 702 1$aDe Francesco,$bGiovannangelo 801 0$aIT$bUNIPARTHENOPE$c20060404$gRICA$2UNIMARC 912 $a000007017 951 $aR-0077$b38063$cNAVA3 996 $aProblemi attuali della giustizia penale internazionale$964929 997 $aUNIPARTHENOPE LEADER 00726cam2 22002413 450 001 SOBE00073088 005 20220726140522.0 100 $a20220726d1993 |||||ita|0103 ba 101 $aita 102 $aIT 200 0 $a1 210 $aBologna$cMonduzzi$d[1993] 215 $aXXXVII, 977 p.$d24 cm. 461 1$1001SOB0000001290$12001 $aDiritto amministrativo / a cura di L. Mazzarolli ... [et al.] 801 0$aIT$bUNISOB$c20220726$gRICA 850 $aUNISOB 852 $aUNISOB$j340$m98463 912 $aSOBE00073088 940 $aM 102 Monografia moderna SBN 941 $aW 957 $a340$b002078$i-1$gSI$d98463$1rovito$2UNISOB$3UNISOB$420220726140507.0$520220726140522.0$6rovito 996 $a1$961339 997 $aUNISOB